| 000 | 00573nam a2200205 u 4500 | ||
|---|---|---|---|
| 005 | 20241121063756.0 | ||
| 008 | 130429s2009 r 000 0 eng d | ||
| 020 | _a9788492613151 | ||
| 035 | _aUPN01000190884 | ||
| 049 | _aCG | ||
| 050 | 4 |
_aLB3013.3 _bV5.64 |
|
| 245 | 0 | 0 |
_aViolencia escolar bajo sospecha / _cdir. Carina V. Kaplan. |
| 260 |
_aMadrid : _bMiño y Dávila, _c2009. |
||
| 300 | _a287 p. | ||
| 440 | 0 | _aNuevos enfoques en educación | |
| 650 | 4 |
_aViolencia escolar _96675 |
|
| 700 | 1 |
_aKaplan, Carina _edir. _932199 |
|
| 905 | _aLibro | ||
| 999 |
_c162987 _d162987 |
||